| 000 | 00994nam a22002297a 4500 | ||
|---|---|---|---|
| 999 |
_c65625 _d65625 |
||
| 005 | 20240530110835.0 | ||
| 008 | 191020s2008 ua f b 001 0 ara d | ||
| 017 |
_a2007/27366 _bمصر. دار الكتب |
||
| 020 | _a9773442357 | ||
| 040 |
_aEG-CaGPL _cEG-CaGPL |
||
| 082 | 0 | 4 |
_221 _a342.06 _bق/ م ق |
| 100 | 0 | _aماجدة مخلوف | |
| 245 | 1 | 2 |
_aالقانون الادارى لولاية مصر فى العهد العثمانى فى ضوء التشريع الاسلامى مع الترجمة الكاملة لقانون نامة مصر/ _cدراسة وترجمة وتعليق ماجدة مخلوف |
| 250 | _aط.1 | ||
| 260 |
_aالقاهرة : _bدار الافاق العربية، _c2008 |
||
| 300 |
_a200 ص. ؛ _c24 سم . |
||
| 504 | _aيشمل على ارجاعات ببليوجرافية | ||
| 650 |
_2qrmak _aالقانون الادارى _zمصر _yالعصر العثمانى |
||
| 651 | _2qrmak | ||
| 942 |
_2ddc _cBK |
||